Statistics for Oldest Current NBA players

Click here to take the quiz!

General Stats

  • This quiz has been taken 26 times
  • The average score is 5 of 11

Answer Stats

HintAnswer% Correct
LakersLebron James
100%
WarriorsChris Paul
67%
CelticsAl Horford
54%
SixersDanny Green
54%
RocketsJeff Green
54%
ClippersPJ Tucker
50%
HeatKyle Lowry
46%
TimberwolvesMike Conley
21%
KingsJaVale McGee
8%
HawksWesley Mathews
4%
RaptorsGarrett Temple
0%

Score Distribution

Percentile by Number Answered

Percent of People with Each Score

Your Score History

You have not taken this quiz